01400nam a2200385 a 450000100060000000300080000600500170001400600190003100700150005000800410006502400160010603500230012203500240014503500250016903500210019404000260021505000210024108000080026208200120027010000270028224501180030926000470042730000110047453301640048565000560064965000590070565000400076465000430080465500270084770000190087470000230089371000190091685600620093599900170099723843FlNmELB20241216214123.0m o d | cr cn|||||||||201201r2012 xxu|||||s|||||||||||spa d8 z31209200310 a(MiAaPQ)EBC3203518 a(Au-PeEL)EBL3203518 a(CaPaEBR)ebr10624137 a(OCoLC)929384820 aFlNmELBbspacFlNmELB 4aHB71bG7985 2012 a33004a3302221 aGreenberg, Theodore S.10aPersonas expuestas políticamenteh[recurso electronico]cTheodore S. Greenberg, Larissa Gray, Delphine Schantz. aWashington, D. C. :bBanco Mundial,c2012. a134 p. aRecurso electrónico. Santa Fe, Arg.: e-libro, 2015. Disponible vía World Wide Web. El acceso puede estar limitado para las bibliotecas afiliadas a e-libro. 4aBusiness and Economics.xMoney and monetary policy. 4aNegocios y economía.xDinero y política monetaria. 4aTrue crime.xhoaxes and deceptions. 4aCrimen real.xEngaños y decepciones. 4aLibros electrónicos.1 aGray, Larissa.1 aSchantz, Delphine.2 ae-libro, Corp.40uhttps://elibro.net/ereader/politecnicointernacional/30180 c23843d23843